Sammlung der besten Reisebeschreibungen Zweyter Band

Bibliographic Details
Corporate Author: Trassler, Josef Jiří (Opava, Česko) (Printer)
Other Authors: Trassler, Josef Jiří, 1759-1816 (Printer)
Format: Book
Language:German
PhysicalDescription:380 strán 8° 17 × 10,5 cm
Published: Troppau gedruckt bei Joseph Georg Traßler, und im Verlage der Kompagnie 1784
ISBN:(viaz.)
Subjects:

MARC

LEADER 00000nam a2200000 a 4500
001 vtls011845226
003 SK-MaSNL
005 20260301143557.0
008 251112s1784 xr 000 0 ger
015 |a SNBHFA1784 
020 |a (viaz.) 
040 |a SNKHF  |b slo  |c SNK  |e AACR2 
041 0 |a ger 
044 |a xr  |c CZ 
072 7 |a 91  |x Geografia ako veda. Výskum. Cestovanie  |2 konspekt 
080 |a 910  |2 2011 
080 |a 94  |2 2011 
080 |a 82‑992  |2 2011 
130 0 |a Sammlung  |9 363958 
245 1 0 |a Sammlung der besten Reisebeschreibungen  |n Zweyter Band 
246 3 8 |a S. d. besten Reiseb Bejschreibung 
260 |a Troppau  |b gedruckt bei Joseph Georg Traßler, und im Verlage der Kompagnie  |c 1784 
300 |a 380 strán  |c 8°  |c 17 × 10,5 cm 
500 |a Vlysy, linky, verzály na 2 riadky 
504 |a Kustody 
510 4 |a SKC 007320339 
546 |a Nemčina  |b Fraktúra 
561 |a Z knižnice Učenej spoločnosti malohontskej.  |5 SNKID 100980/2 
562 |a Rukopisný exlibris: Dallos.  |5 SNKID 100980/2 
563 |a Väzba: zeleno-sivá papierovo-kartónová lepenka s textovým štítkom na chrbte.  |5 SNKID 100980/2 
650 0 7 |a geografia  |2 SNKPH  |9 823 
650 0 7 |a zbierky  |2 SNKPH  |9 247422 
650 0 7 |a cestopisy  |2 SNKPH  |9 186227 
700 1 |a Hanway, Jonas,  |d 1712-1786  |4 oth  |9 500713 
700 1 |a Drummond, Alexander,  |d zomrel 1769  |4 oth  |9 500714 
700 1 |a Dallos  |4 fmo  |9 500711 
700 1 |a Russel, Alexander,  |d 1715-1768  |4 oth  |9 500715 
700 1 |a Trassler, Josef Jiří,  |d 1759-1816  |4 prt  |9 169560 
710 1 |a Učená spoločnosť malohontská  |4 fmo  |9 205374 
710 0 |a Trassler, Josef Jiří (Opava, Česko),  |d 1780-1816  |4 prt  |9 229877 
752 |a Česko  |d Opava 
852 |a snk  |b Historické fondy  |p ID 100980/2 
999 |c 774136  |d 776066 
952 |t XII. E. c. 59/ MHC 1721  |a SNK  |b SNK  |c SNK_HF  |y PREZ  |7 0  |p 17A1302698  |o snkID 100980/2  |i snk2019/6557  |8 5  |0 0  |1 0  |4 0  |d 2019-03-11  |l 0  |r 2026-02-24 00:44:52  |w 2026-02-24